Moderné manažérske metódy uplatňované v kontrole

Charakteristika vybraných nových metód riadenia: Balanced Scorecard (BSC), Benchmarking, časový manažment. Výsledky dotazníkového prieskumu, ktorého cieľom bolo určenie rozsahu uplatnenia jednotlivých moderných metód a nástrojov používaných pri realizácii manažérskych funkcií s dôrazom na kontrolu v...

Descrizione completa

Salvato in:
Dettagli Bibliografici
Autore principale: Čambalíková, Andrea, 1990-
Natura: Capitolo di libro
Lingua:slovacco
Soggetti:
Tags: Aggiungi Tag
Nessun Tag, puoi essere il primo ad aggiungerne!!

MARC

LEADER 00000nla a2200000 4500
001 0242948
005 20240502083652.0
041 0 |a slo 
044 |a CZ 
245 1 0 |a Moderné manažérske metódy uplatňované v kontrole  |c Andrea Čambalíková 
520 |a Charakteristika vybraných nových metód riadenia: Balanced Scorecard (BSC), Benchmarking, časový manažment. Výsledky dotazníkového prieskumu, ktorého cieľom bolo určenie rozsahu uplatnenia jednotlivých moderných metód a nástrojov používaných pri realizácii manažérskych funkcií s dôrazom na kontrolu v rôznych typoch organizácií pôsobiacich v rôznych odvetviach na Slovensku. 
610 2 0 |a metódy riadenia 
610 2 0 |a nástroje riadenia 
610 2 0 |a riadenie kvality 
610 2 0 |a benchmarking 
610 2 0 |a manažment času 
610 2 0 |a metóda BSC 
610 2 0 |a riadenie procesné 
610 2 0 |a kontrola 
610 2 0 |a prieskum 
610 2 0 |a analýzy 
610 2 0 |a Slovensko 
100 1 |a Čambalíková, Andrea, 1990-